Richard Scarry's things that go! / (Record no. 3780)

MARC details
000 -LEADER
fixed length control field 00894nam a2200277 a 4500
005 - DATE AND TIME OF LATEST TRANSACTION
control field 20240507110655.0
020 ## - INTERNATIONAL STANDARD BOOK NUMBER
International Standard Book Number 806008678629
040 ## - CATALOGING SOURCE
Original cataloging agency DLC
Transcribing agency DLC
Modifying agency DLC
Language of cataloging eng
050 00 - LIBRARY OF CONGRESS CALL NUMBER
Classification number TL147.S345
082 00 - DEWEY DECIMAL CLASSIFICATION NUMBER
Classification number 629.04
100 1# - MAIN ENTRY--PERSONAL NAME
Personal name Scarry, Richard
245 10 - TITLE STATEMENT
Title Richard Scarry's things that go! /
Statement of responsibility, etc. Richard Scarry
260 ## - PUBLICATION, DISTRIBUTION, ETC.
Place of publication, distribution, etc. Nashville :
Name of publisher, distributor, etc. Clever factory Inc ,
Date of publication, distribution, etc. 2010
300 ## - PHYSICAL DESCRIPTION
Extent 8 unnumbered pages :
Other physical details color illustrations ;
Dimensions 16 cm .
505 ## - FORMATTED CONTENTS NOTE
Formatted contents note E <br/>
520 ## - SUMMARY, ETC.
Summary, etc. Depicts many different kinds of things that go, including bicycles, trains, boats, and planes.
521 ## - TARGET AUDIENCE NOTE
Target audience note 250 <br/>
Source Lexile estimate <br/>
521 ## - TARGET AUDIENCE NOTE
Target audience note E <br/>
Source Raz-Plus <br/>
650 #0 - SUBJECT ADDED ENTRY--TOPICAL TERM
Topical term or geographic name entry element Vehicles
General subdivision Juvenile literature.
650 #0 - SUBJECT ADDED ENTRY--TOPICAL TERM
Topical term or geographic name entry element Transportation
General subdivision Juvenile literature.
650 #1 - SUBJECT ADDED ENTRY--TOPICAL TERM
Topical term or geographic name entry element Vehicles.
650 #1 - SUBJECT ADDED ENTRY--TOPICAL TERM
Topical term or geographic name entry element Transportation.
906 ## - LOCAL DATA ELEMENT F, LDF (RLIN)
a 7
b cbc
c orignew
d 2
e opcn
f 19
g y-gencatlg
942 ## - ADDED ENTRY ELEMENTS (KOHA)
Source of classification or shelving scheme Dewey Decimal Classification
Koha item type Books
Suppress in OPAC No
999 ## -
-- 3780
-- 3780
Holdings
Withdrawn status Lost status Source of classification or shelving scheme Damaged status Not for loan Collection Home library Current library Shelving location Date acquired Total Checkouts Full call number Barcode Date last seen Price effective from Koha item type
    Dewey Decimal Classification     Juvenile Fiction Footprints International School Library Network Toul Kork Campus Footprints International School Library Network Toul Tom Poung Campus   05/07/2024   SCA 629.04 TL147.S345 FISBK07142 09/17/2025 05/07/2024 Books